01381nam a22003374a 4500001001200000003000800012006001900020007001500039008004100054010001700095020001800112020002700130040002100157035002100178043001200199050002900211082002100240245013200261260004400393300002500437504006400462533015200526650006200678651006600740655002900806710002400835710002400859710001700883856012600900999001701026ebr10255161CaPaEBRm u cr cn|||||||||080813s2008 dcua sb 001 0 eng  z 2008035536 z9780821377383 z9780821377390 (e-book) aCaPaEBRcCaPaEBR a(OCoLC)560634989 afb-----14aLC67.68.A357bA23 2008eb04a338.4/33786822200aAccelerating catch-uph[electronic resource] :btertiary education for growth in SSA /cAFTHD (World Bank), DECRG (World Bank). aWashington, D.C. :bWorld Bank,cc2008. axxxi, 180 p. :bill. aIncludes bibliographical references (p. 135-157) and index. aElectronic reproduction.bPalo Alto, Calif. :cebrary,d2013.nAvailable via World Wide Web.nAccess may be limited to ebrary affiliated libraries. 0aEducation, HigherxEconomic aspectszAfrica, Sub-Saharan. 0aAfrica, Sub-SaharanxEconomic policyxEffect of education on. 7aElectronic books.2local2 aWorld Bank.bAFTHD.2 aWorld Bank.bDECRG.2 aebrary, Inc.40uhttp://site.ebrary.com/lib/rucke/Doc?id=10255161zAn electronic book accessible through the World Wide Web; click to view c14808d14808